| 000 | 01693nam0a2200349 4500 | ||
|---|---|---|---|
| 001 | RU\NLR\BIBL_A\022763605 | ||
| 005 | 20260412095251.0 | ||
| 010 |
_a978-5-906632-02-9 _9500 |
||
| 035 | _a(NLR Aleph) 022763605 | ||
| 090 |
_a13654386 _c13654386 |
||
| 100 | _a20260323d2015 k y0rusy50 ca | ||
| 101 | 1 |
_arus _cpol |
|
| 102 | _aRU | ||
| 105 | _ay z 001zy | ||
| 181 | 0 |
_ai4 _baxxe |
|
| 182 | 0 | _an | |
| 200 | 1 |
_aПрогулки по современной польской литературе _eсборник статей _eколлективная монография _fУниверситет им. Адама Мицкевича в Познани _g[перевод с польского языка: А Бабанов и др.] _gнаучная редакция: Иоанна Грондзель-Вуйцик [и др.] |
|
| 203 |
_aТекст _bвизуальный _cнепосредственный |
||
| 210 |
_aСанкт-Петербург _cСЦДБ _d2015 |
||
| 215 |
_a319 с. _d21 |
||
| 320 | _aБиблиогр.: с. 306-317 и в подстроч. примеч. | ||
| 320 | _aУказ. персоналий: с. 318-319 | ||
| 606 | 1 |
_aПольская литература _jСборники _z20 - 21 вв. _92477999 _3RU\NLR\AUTH\6601687941 |
|
| 686 | 1 | _aШ5(4П)7я43 | |
| 702 | 1 |
_4340 _7ca _8rus _aГрондзель-Вуйцик _bИ. _f1971- _gИоанна _92703161 _3RU\NLR\AUTH\770291745 |
|
| 712 | 0 | 2 |
_4570 _aУниверситет им. А. Мицкевича _cПознань _9624809 _3RU\NLR\AUTH\8810061659 |
| 942 | _cBOOK | ||
| 980 | _aNB | ||